00587nam a2200193Ia 4500008004100000100002000041245004000061245001900101260002500120260000900145300002900154440006800183650001200251650001300263650000900276650001500285999001900300952007400319200115s9999 xx 000 0 und d aWarren, Katrina aKeep your home free of animal hair/ cKatrina Warren bReader's Digest Asia c2019 aPages 18-19, August 2019 aAsia Reader's Digest: Acts of Kindness Everyone can dov116:678 aanimals agrooming apets aveterinary c362914d362914 001040aLuxbLuxd2020-01-15l0r2020-01-15 00:00:00w2020-01-15ySE